[Event "Standard for New Members, June 2006"]
[Site "SchemingMind.com"]
[Date "2006.06.10"]
[Round "-"]
[White "scottie"]
[Black "Swapmeet"]
[Result "0-1"]
[WhiteCountry "ENG"]
[BlackCountry "USA"]
[WhiteElo "1356"]
[WhiteRD "107"]
[BlackElo "1928"]
[BlackRD "133"]
[GameID "54673"]

1. e4 e5 2. Nf3 Nf6 3. Nxe5 d6 4. Nxf7 Kxf7 5. d3 Be7 6. Be2 Rf8 7. O-O Kg8 8. Nc3 c5 9. d4 cxd4 10. Qxd4 Nc6
11. Bc4+ Kh8 12. Qe3 Ne5 13. Be2 Qe8 14. Nb5 Qf7 15. Nc7 Nfg4 16. Nxa8 Nxe3 17. Bxe3 Bd7 18. Nc7 Rc8 19. Nd5 Rxc2 20. Nxe7 Qxe7
21. Bd1 Rc8 22. Bxa7 Qh4 23. Re1 Nd3 24. Rf1 Rf8 25. b3 Bb5 26. Be2 Qxe4 27. Bxd3 Bxd3 28. Rfe1 Qc6 29. Rac1 Qa6 30. Rc3 Qxa7
31. Rxd3 Qxf2+ 32. Kh1 Qxe1#
0-1

[Event "Standard for New Members, June 2006"]
[Site "SchemingMind.com"]
[Date "2006.06.10"]
[Round "-"]
[White "skycaptainblue"]
[Black "Swapmeet"]
[Result "0-1"]
[WhiteCountry "GBR"]
[BlackCountry "USA"]
[WhiteElo "1770"]
[WhiteRD "122"]
[BlackElo "1928"]
[BlackRD "133"]
[GameID "54674"]

1. e4 e5 2. Nf3 Nf6 3. Nxe5 d6 4. Nf3 Nxe4 5. Be2 Be7 6. O-O Nc6 7. d4 d5 8. Re1 O-O 9. h3 Bf6 10. c3 Re8
11. Bf4 Bf5 12. Nbd2 Qd7 13. Bb5 Re7 14. Bxc6 bxc6 15. Nxe4 dxe4 16. Nd2 Rae8 17. Nc4 h6 18. Ne3 Bh7 19. Qa4 c5 20. Qxd7 Rxd7
21. dxc5 Be5 22. Bxe5 Rxe5 23. b4 Rd3 24. c4 f5 25. Nd5 c6 26. f4 Rdxd5 27. fxe5 Rxe5 28. Rad1 g5 29. Rd6 f4 30. Rxc6 h5
31. Ra6 g4 32. c6 Bf5 33. Rxa7 e3 34. Rd1 Re8 35. hxg4 hxg4 36. Re1 f3 37. gxf3 gxf3 38. Rxe3 Rxe3 39. c7 Re8 40. b5 Bg4
41. b6 Re1+ 42. Kf2 Re2+ 43. Kg3 Rg2+ 44. Kf4 f2 45. b7 f1=Q+ 46. Ke5 Qf5+ 47. Kd6 Qd7+ 48. Kc5 Qxc7+ 49. Kb4 Qb6+
0-1